[Event "Prague Int Open 2025"]
[Site "Prague CZE"]
[Date "2025.02.27"]
[Round "1.1"]
[White "Pechac, Jergus"]
[Black "Durana, Jonas"]
[Result "1-0"]
[WhiteTitle "GM"]
[WhiteElo "2603"]
[BlackElo "2006"]
[WhiteFideId "14926970"]
[BlackFideId "73619663"]
[EventDate "2025.02.27"]

1. e4 c5 2. Nf3 d6 3. d4 cxd4 4. Nxd4 Nf6 5. Nc3 a6 6. h3 e5 7. Nf3 Be7 8. g4 h6
9. Be3 Qc7 10. g5 hxg5 11. Nxg5 b5 12. Qf3 Bb7 13. O-O-O Nbd7 14. h4 b4 15. Nd5
Bxd5 16. exd5 a5 17. Bb5 Kf8 18. h5 a4 19. h6 g6 20. Rh4 a3 21. Rxb4 axb2+ 22.
Rxb2 Nc5 23. Bc6 Ra3 24. h7 Bd8 25. Ne6+ fxe6 26. Bh6+ Kf7 27. Qxa3 Rxh7 28. Be3
exd5 29. Bxd5+ Nxd5 30. Rxd5 Ne4 31. Rb3 Ke6 32. Rd1 Qc6 33. Rbd3 1-0

[Event "Prague Int Open 2025"]
[Site "Prague CZE"]
[Date "2025.02.27"]
[Round "1.2"]
[White "Hrbolka, Ladislav sr"]
[Black "Nyzhnyk, Illya"]
[Result "0-1"]
[WhiteTitle "FM"]
[BlackTitle "GM"]
[WhiteElo "2004"]
[BlackElo "2569"]
[WhiteFideId "300772"]
[BlackFideId "14118084"]
[EventDate "2025.02.27"]

1. d4 Nf6 2. c4 g6 3. Nc3 Bg7 4. e4 d6 5. Be2 O-O 6. Be3 c6 7. Nf3 e5 8. O-O Ng4
9. Bg5 f6 10. Bc1 Qe7 11. h3 Nh6 12. b4 Nf7 13. dxe5 dxe5 14. Rb1 Be6 15. Be3
Nd7 16. Nd2 f5 17. f3 Rfd8 18. Nd5 cxd5 19. cxd5 Bxd5 20. exd5 Nf6 21. Qb3 Nxd5
22. Bc5 Qg5 23. Bc4 Nf4 24. Bxf7+ Kh8 25. Rf2 Nxh3+ 26. Kf1 Nxf2 27. Bxf2 Rxd2
28. Qe3 Qd8 29. Bb3 Rc8 30. Kg1 e4 31. Kh1 Rc3 0-1

[Event "Prague Int Open 2025"]
[Site "Prague CZE"]
[Date "2025.02.27"]
[Round "1.3"]
[White "Grigoryan, Karen H."]
[Black "Ejsymont, Blanka"]
[Result "1-0"]
[WhiteTitle "GM"]
[BlackTitle "WCM"]
[WhiteElo "2554"]
[BlackElo "2003"]
[WhiteFideId "13301004"]
[BlackFideId "21088268"]
[EventDate "2025.02.27"]

1. e4 c6 2. Ne2 d5 3. e5 Bg4 4. h3 Bh5 5. d4 e6 6. c3 Nd7 7. Be3 Ne7 8. g4 Bg6
9. Ng3 c5 10. Nd2 Nc6 11. f4 h6 12. f5 Bh7 13. Nf3 Qb6 14. Qe2 cxd4 15. cxd4
Bb4+ 16. Kf2 O-O-O 17. Bg2 exf5 18. gxf5 g6 19. f6 g5 20. Rhc1 Kb8 21. a3 Bf8
22. b4 a6 23. Kg1 Qb5 24. Qf2 Bd3 25. Rc3 Nb6 26. Rd1 Bc4 27. Nf5 Rg8 28. Nd2 g4
29. h4 Na4 30. Rxc4 dxc4 31. Ne4 a5 32. Qf4 Ka8 33. Qf1 axb4 34. axb4 Bxb4 35.
Ra1 Na5 36. Rb1 Nc6 37. Ned6 Qa5 38. Nxb7 Kxb7 39. Qxc4 Rc8 40. Rxb4+ Nb6 41.
Qxf7+ Kb8 42. Rb1 Rgd8 43. Qb3 Ka7 44. d5 1-0

[Event "Prague Int Open 2025"]
[Site "Prague CZE"]
[Date "2025.02.27"]
[Round "1.4"]
[White "Dzoba, Demian"]
[Black "Sasikiran, Krishnan"]
[Result "0-1"]
[BlackTitle "GM"]
[WhiteElo "2002"]
[BlackElo "2548"]
[WhiteFideId "14188570"]
[BlackFideId "5004985"]
[EventDate "2025.02.27"]

1. d4 Nf6 2. c4 e6 3. Nf3 b6 4. g3 Ba6 5. Qa4 Bb7 6. Bg2 Be7 7. Nc3 O-O 8. O-O
Ne4 9. Qc2 Nxc3 10. Qxc3 d6 11. b3 Nd7 12. Bb2 a5 13. Qc2 f5 14. Nd2 Bxg2 15.
Kxg2 c5 16. e4 cxd4 17. Bxd4 f4 18. f3 Bf6 19. Qc3 Be5 20. Bxe5 Nxe5 21. Rf2 Qf6
22. Rd1 h5 23. Nf1 h4 24. gxf4 Qxf4 25. h3 Rf6 26. Qe3 Rg6+ 27. Kh1 Rf8 28. Qxf4
Rxf4 29. Nh2 Rg3 30. Rxd6 Rxh3 31. Rxe6 Rfxf3 32. Rxf3 Nxf3 33. Kg2 Rg3+ 34. Kf2
Nxh2 35. Rxb6 Ng4+ 36. Kf1 h3 37. Rb8+ Kh7 38. Rb5 Kg6 0-1

[Event "Prague Int Open 2025"]
[Site "Prague CZE"]
[Date "2025.02.27"]
[Round "1.5"]
[White "Vetoshko, Volodymyr"]
[Black "Janik, Marek Tobias"]
[Result "1-0"]
[WhiteTitle "GM"]
[WhiteElo "2529"]
[BlackElo "2002"]
[WhiteFideId "14122480"]
[BlackFideId "73612715"]
[EventDate "2025.02.27"]

1. c4 c5 2. Nf3 Nc6 3. g3 g6 4. Bg2 Bg7 5. Nc3 d6 6. O-O e5 7. a3 Nge7 8. Rb1 a5
9. d3 h6 10. Ne1 Be6 11. Nd5 O-O 12. Nc2 Nd4 13. Nxd4 Bxd5 14. cxd5 exd4 15. b4
axb4 16. axb4 b6 17. h4 Nf5 18. Be4 Qd7 19. Bf4 Kh7 20. bxc5 bxc5 21. Rb6 Be5
22. Qc1 Rfe8 23. h5 Re7 24. Qd2 Rae8 25. Rfb1 Qc8 26. hxg6+ fxg6 27. Bxe5 Rxe5
28. Qf4 Qd8 29. Rb7+ R8e7 30. g4 Ng7 31. Qf6 Rxe4 32. dxe4 Rxb7 33. Qxd8 Rxb1+
34. Kg2 c4 35. Qxd6 d3 36. exd3 cxd3 37. Qf4 Rb2 38. Kf3 g5 39. Qe5 d2 40. Ke2 1-0

[Event "Prague Int Open 2025"]
[Site "Prague CZE"]
[Date "2025.02.27"]
[Round "1.6"]
[White "Avadhoot Lokesh Bhakti Brahme"]
[Black "Raja, Rithvik R"]
[Result "0-1"]
[BlackTitle "GM"]
[WhiteElo "2000"]
[BlackElo "2522"]
[WhiteFideId "33496463"]
[BlackFideId "35007394"]
[EventDate "2025.02.27"]

1. d4 d5 2. c4 e6 3. Nf3 c6 4. g3 dxc4 5. Bg2 b5 6. Ne5 Bb7 7. a4 a6 8. O-O Nf6
9. b3 cxb3 10. Qxb3 Qxd4 11. Bb2 Qb4 12. Qc2 Qc5 13. Qd3 Be7 14. Rd1 O-O 15. Na3
Qb6 16. Qf3 Ra7 17. Ng4 c5 18. Qf4 Nxg4 19. Qxg4 g6 20. Qf4 Bxg2 21. Kxg2 Nc6
22. Rab1 Nd4 23. f3 Rd8 24. Nc4 Qc7 25. Qxc7 Rxc7 26. axb5 axb5 27. Bxd4 Rxd4
28. Rxd4 cxd4 29. Ne5 b4 30. Kf2 Bd6 31. Nd3 e5 32. Ke1 f5 33. Rb2 Rb7 34. Nf2
Kf7 35. Kd2 Ke6 36. Kd3 Kd5 37. e4+ dxe3 38. Nd1 f4 0-1

[Event "Prague Int Open 2025"]
[Site "Prague CZE"]
[Date "2025.02.27"]
[Round "1.7"]
[White "Beerdsen, Thomas"]
[Black "Korszanski, Stanislaw"]
[Result "1-0"]
[WhiteTitle "GM"]
[WhiteElo "2511"]
[BlackElo "1998"]
[WhiteFideId "1030108"]
[BlackFideId "21059470"]
[EventDate "2025.02.27"]

1. e4 e5 2. Nf3 Nc6 3. Nc3 Nf6 4. Bb5 Bc5 5. Nxe5 Nxe5 6. d4 Bd6 7. O-O c6 8.
dxe5 Bxe5 9. Bd3 O-O 10. h3 h6 11. Qf3 Re8 12. Bf4 Bxc3 13. bxc3 d5 14. e5 Nd7
15. Qh5 Nc5 16. Rae1 Nxd3 17. cxd3 d4 18. c4 b5 19. cxb5 cxb5 20. Bd2 a5 21. f4
Qd5 22. f5 Rxe5 23. Rxe5 Qxe5 24. Re1 Qf6 25. Re8+ Kh7 26. Rf8 Bb7 27. Rxf7 Qc6
28. Qg6+ Qxg6 29. fxg6+ Kxg6 30. Rxb7 b4 31. Rb5 Ra6 32. Kf2 Rf6+ 33. Ke2 Rf5
34. Rxf5 Kxf5 35. Kd1 Ke5 36. Kc2 Kd5 37. Kb3 Kc5 38. a3 Kd5 1-0

[Event "Prague Int Open 2025"]
[Site "Prague CZE"]
[Date "2025.02.27"]
[Round "1.8"]
[White "Monteverde, Jonathan"]
[Black "Noe, Christopher"]
[Result "0-1"]
[BlackTitle "IM"]
[WhiteElo "1998"]
[BlackElo "2511"]
[WhiteFideId "1314580"]
[BlackFideId "24692018"]
[EventDate "2025.02.27"]

1. d4 Nf6 2. c4 e6 3. Nc3 Bb4 4. Qc2 O-O 5. Nf3 b6 6. e4 d5 7. e5 Ne4 8. Bd3 Bb7
9. O-O Bxc3 10. bxc3 c5 11. cxd5 exd5 12. Nd2 Nxd2 13. Bxh7+ Kh8 14. Bxd2 cxd4
15. cxd4 Nc6 16. Bd3 Qh4 17. f4 Nxd4 18. Qc3 Ne6 19. f5 d4 20. Qc2 Qg4 21. Bc1
Rac8 22. Qd2 Rc3 23. fxe6 Rxd3 24. Qg5 Qxe6 25. Bf4 Rc3 26. Rac1 Rc5 27. Bd2
Rxe5 28. Qh4+ Kg8 29. Qxd4 Re4 30. Qb2 Re2 31. Rf2 Rxf2 32. Kxf2 Qe4 33. Rg1 Rc8
34. Qb3 Qf5+ 35. Kg3 Rd8 0-1

[Event "Prague Int Open 2025"]
[Site "Prague CZE"]
[Date "2025.02.27"]
[Round "1.9"]
[White "Popovic, Dusan"]
[Black "Ilandzis, Spyridon"]
[Result "1-0"]
[WhiteTitle "GM"]
[WhiteElo "2494"]
[BlackElo "1996"]
[WhiteFideId "927031"]
[BlackFideId "4200276"]
[EventDate "2025.02.27"]

1. e4 d5 2. exd5 Qxd5 3. Nc3 Qa5 4. d4 Nf6 5. Nf3 Bg4 6. h3 Bh5 7. g4 Bg6 8. Ne5
e6 9. Nc4 Qa6 10. h4 Bb4 11. Rh3 Qc6 12. h5 Be4 13. Nd2 a6 14. a3 Bd6 15. Ndxe4
Nxe4 16. Bg2 f5 17. gxf5 exf5 18. Nxe4 fxe4 19. Bxe4 Qd7 20. Rf3 Nc6 21. Bg5 Ne7
22. Bxe7 Bxe7 23. Qd3 Qg4 24. Bxb7 Rb8 25. Bc6+ Kd8 26. O-O-O Qxh5 27. Kb1 Rf8
28. Rxf8+ Bxf8 29. Re1 Be7 30. Qc4 1-0

[Event "Prague Int Open 2025"]
[Site "Prague CZE"]
[Date "2025.02.27"]
[Round "1.10"]
[White "Hollmann, Thomas"]
[Black "Ghazarian, Kirk"]
[Result "0-1"]
[BlackTitle "GM"]
[WhiteElo "1994"]
[BlackElo "2493"]
[WhiteFideId "12934097"]
[BlackFideId "30908604"]
[EventDate "2025.02.27"]

1. e4 c5 2. Nf3 d6 3. d4 cxd4 4. Nxd4 Nf6 5. Nc3 a6 6. h3 g6 7. Be3 Bg7 8. Qd2
b5 9. f3 Bb7 10. O-O-O h5 11. Kb1 Nbd7 12. Bd3 h4 13. Qf2 b4 14. Nce2 Qc7 15.
Rc1 d5 16. exd5 Nxd5 17. Bg5 e5 18. Nb3 a5 19. Bb5 O-O 20. Bxd7 Qxd7 21. Nc5 Qb5
22. Nxb7 Qxb7 23. c4 bxc3 24. Nxc3 Nxc3+ 25. Rxc3 e4 26. Rb3 Qd5 27. Qd2 Qf5 28.
Qf4 Qxf4 29. Bxf4 a4 30. Re3 exf3 31. Rxf3 Rfe8 32. Rf2 Re4 33. Rhf1 Ra5 34. Bc1
Ra7 35. Rf4 f5 36. Rxe4 fxe4 37. Re1 Re7 38. Bg5 Rb7 39. Re2 a3 40. b3 Rd7 41.
Bc1 Re7 42. Bxa3 Re6 43. Bb2 Bf8 44. Bc1 Be7 45. a4 Kf7 46. Bd2 Kf6 47. Bc3+ Kf5
48. a5 e3 49. Kc2 Ke4 50. b4 Rc6 51. Kb2 Kd3 52. Re1 e2 53. Rc1 Bg5 54. b5 Bxc1+ 0-1

[Event "Prague Int Open 2025"]
[Site "Prague CZE"]
[Date "2025.02.27"]
[Round "1.11"]
[White "Ioannidis, Evgenios"]
[Black "Szvetits, Rene"]
[Result "1-0"]
[WhiteTitle "GM"]
[WhiteElo "2484"]
[BlackElo "1992"]
[WhiteFideId "4229274"]
[BlackFideId "1620282"]
[EventDate "2025.02.27"]

1. d4 Nf6 2. c4 g6 3. Nc3 d5 4. cxd5 Nxd5 5. e4 Nxc3 6. bxc3 Bg7 7. Qa4+ Nd7 8.
Nf3 O-O 9. Be2 c5 10. Qa3 cxd4 11. cxd4 Nf6 12. Qd3 b6 13. Bb2 a5 14. O-O Ba6
15. Qe3 Bxe2 16. Qxe2 Qd7 17. a4 Qb7 18. Rfe1 e6 19. Ne5 b5 20. axb5 Nd7 21. Nc6
a4 22. h4 Nb8 23. d5 Bxb2 24. Qxb2 Nxc6 25. dxc6 Qb6 26. h5 Ra5 27. h6 f6 28.
Reb1 Kf7 29. Qb4 Rfa8 30. e5 a3 31. Qf4 f5 32. Qh4 Qd8 33. Qxd8 Rxd8 34. c7 1-0

[Event "Prague Int Open 2025"]
[Site "Prague CZE"]
[Date "2025.02.27"]
[Round "1.12"]
[White "Vykouk, Jan"]
[Black "Lysenko, Yuri"]
[Result "1-0"]
[WhiteTitle "IM"]
[WhiteElo "2478"]
[BlackElo "1989"]
[WhiteFideId "349658"]
[BlackFideId "14123967"]
[EventDate "2025.02.27"]

1. e4 Nf6 2. e5 Nd5 3. d4 d6 4. c4 Nb6 5. f4 g6 6. Nc3 Bg7 7. Be3 O-O 8. c5 N6d7
9. Nf3 Na6 10. Ne4 d5 11. Nc3 c6 12. h4 b6 13. Qa4 b5 14. Qd1 b4 15. Ne2 Nc7 16.
h5 Re8 17. hxg6 fxg6 18. Ng3 Nf8 19. Bd3 Bg4 20. f5 Qd7 21. Qc2 gxf5 22. Nxf5 h5
23. Ng3 1-0

[Event "Prague Int Open 2025"]
[Site "Prague CZE"]
[Date "2025.02.27"]
[Round "1.13"]
[White "Shevkunov, Vladyslav"]
[Black "Isik, Alparslan"]
[Result "0-1"]
[BlackTitle "IM"]
[WhiteElo "1989"]
[BlackElo "2477"]
[WhiteFideId "30953448"]
[BlackFideId "34506896"]
[EventDate "2025.02.27"]

1. c4 Nf6 2. g3 e6 3. Bg2 d5 4. Nf3 d4 5. O-O Nc6 6. d3 Bc5 7. Nbd2 O-O 8. Nb3
Be7 9. e3 dxe3 10. Bxe3 Ng4 11. Bc5 Bxc5 12. Nxc5 b6 13. Qa4 Ne7 14. h3 bxc5 15.
hxg4 Bb7 16. Qb5 Bxf3 17. Bxf3 Rb8 18. Qxc5 Rxb2 19. Kg2 Nc8 20. Rh1 Qd6 21. Qe3
Ne7 22. Rh5 Rd8 23. Rah1 Qxd3 24. Rxh7 Ng6 25. Qxa7 Qxc4 26. R7h5 Rxa2 27. Qc5
Rc2 28. Qe3 Qd4 29. Qe1 c5 30. Be4 Rxf2+ 31. Qxf2 Qxe4+ 32. Kh2 Ne5 33. Qf4
Nxg4+ 34. Kh3 Qxh1+ 35. Kxg4 Qxh5+ 36. Kxh5 Rd5+ 0-1

[Event "Prague Int Open 2025"]
[Site "Prague CZE"]
[Date "2025.02.27"]
[Round "1.14"]
[White "Haring, Filip"]
[Black "Estevez Sacristan, Deva"]
[Result "1-0"]
[WhiteTitle "IM"]
[BlackTitle "CM"]
[WhiteElo "2470"]
[BlackElo "1988"]
[WhiteFideId "14933080"]
[BlackFideId "32041101"]
[EventDate "2025.02.27"]

1. Nf3 Nf6 2. c4 e6 3. g3 d5 4. Bg2 Be7 5. O-O O-O 6. b3 c5 7. Bb2 Nc6 8. e3 d4
9. exd4 cxd4 10. Re1 Rb8 11. d3 b6 12. Na3 Bc5 13. Nc2 Bb7 14. a3 a5 15. Bc1 Re8
16. Rb1 e5 17. b4 Bd6 18. Bg5 h6 19. Bxf6 Qxf6 20. Nd2 Qg6 21. Bd5 axb4 22. Qf3
Na5 23. axb4 Bxd5 24. cxd5 Nb7 25. Na3 Rbc8 26. Nb5 Bb8 27. Rec1 f5 28. Rc6 Rxc6
29. dxc6 e4 30. dxe4 Qxc6 31. Nxd4 Qd7 32. Qb3+ Kh8 33. Nxf5 Qxd2 34. Qf7 Rg8
35. Qxb7 Qc2 36. Rf1 Be5 37. Qd5 Bf6 38. Qe6 Qc3 39. Qxb6 Rd8 40. Ne3 Re8 41.
Nd5 Bd4 42. Nxc3 Bxb6 43. Nd5 Bd4 44. Re1 Rf8 45. Re2 Kg8 46. Kg2 Kf7 47. f4 Ke6
48. Rd2 Ba7 49. b5 Rb8 50. Ra2 Bc5 51. Ra6+ Kd7 52. b6 Kc6 53. Ra7 Bd4 54. Kf3 1-0

[Event "Prague Int Open 2025"]
[Site "Prague CZE"]
[Date "2025.02.27"]
[Round "1.15"]
[White "Mrazik, Tomas"]
[Black "Agmanov, Zhandos"]
[Result "0-1"]
[BlackTitle "IM"]
[WhiteElo "1987"]
[BlackElo "2469"]
[WhiteFideId "349771"]
[BlackFideId "13708309"]
[EventDate "2025.02.27"]

1. Nf3 Nf6 2. c4 e6 3. Nc3 d5 4. e3 Bd6 5. b3 O-O 6. Be2 Re8 7. d4 b6 8. O-O Bb7
9. Nb5 Bf8 10. Bb2 a6 11. Nc3 Nbd7 12. Qc2 Rc8 13. Rac1 Bd6 14. Rfd1 Qe7 15. Qb1
c5 16. Qa1 cxd4 17. Nxd4 dxc4 18. bxc4 Nc5 19. Bf3 Red8 20. Bxb7 Qxb7 21. Nf3
Be7 22. Rxd8+ Rxd8 23. Rd1 Rc8 24. Qb1 Ncd7 25. Rd4 Bc5 26. Rh4 h6 27. Ne4 Nxe4
28. Rxe4 Bf8 29. Rg4 b5 30. cxb5 Qxb5 31. Nd4 Qc4 32. h3 Nf6 33. Rg3 Bd6 34. Rf3
Ne4 35. Nb3 Ng5 36. Qd1 Nxf3+ 37. Qxf3 Qc2 38. Bc1 Qxc1+ 0-1

[Event "Prague Int Open 2025"]
[Site "Prague CZE"]
[Date "2025.02.27"]
[Round "1.16"]
[White "Urazayev, Arystanbek"]
[Black "Baliuniene, Margarita"]
[Result "1-0"]
[WhiteTitle "IM"]
[BlackTitle "WFM"]
[WhiteElo "2467"]
[BlackElo "1986"]
[WhiteFideId "13709810"]
[BlackFideId "12802760"]
[EventDate "2025.02.27"]

1. e4 c5 2. Nf3 g6 3. Bc4 Bg7 4. c3 e6 5. O-O Ne7 6. d4 cxd4 7. Nxd4 Nbc6 8.
Nxc6 bxc6 9. Qd6 O-O 10. Rd1 f5 11. Bg5 Bf6 12. Bxf6 Rxf6 13. e5 Rf8 14. Bxe6+
dxe6 15. Qxd8 Rxd8 16. Rxd8+ Kf7 17. Na3 Bb7 18. Rad1 g5 19. Rxa8 Bxa8 20. Rd8
Bb7 21. Nc4 Ba6 22. Nd6+ Kg6 23. c4 c5 24. Re8 1-0